|
|
|
|
| LEADER |
00000nab a2200000uu 4500 |
| 001 |
vtls011515919 |
| 003 |
SK-MaSNL |
| 005 |
20260303162525.0 |
| 008 |
230302|1907 xo |||||||||||||||||slo| |
| 015 |
|
|
|a SNBRB
|
| 035 |
|
|
|a (urnnbn)urn:nbn:sk:snk:ar-001lb7
|
| 035 |
|
|
|a (uuid)c8e82883-bf1b-49a7-a8ce-9655335beb96
|
| 035 |
|
|
|a urn:nbn:sk:snk-abe5go
|
| 040 |
|
|
|a SNKBUCL
|b slo
|c SNKBUCL
|e AACR2
|
| 041 |
0 |
|
|a slo
|
| 044 |
|
|
|a xo
|c SK
|
| 100 |
1 |
|
|a Sasinek, František Víťazoslav,
|d 1830-1914
|4 aut
|9 8180
|
| 245 |
1 |
0 |
|a Počiatky kráľovstva Uhrov
|c Fr. V. Sasinek
|
| 773 |
0 |
|
|t Slovenské pohľady
|g Roč. 27, č. 6 (1907), s. 343-351
|
| 958 |
|
|
|a OND
|
| 958 |
|
|
|a EUIPO
|
| 958 |
|
|
|a article21
|
| 999 |
|
|
|c 2055021
|d 2056951
|